|
|
|
|
| LEADER |
00000nab a2200000 a 4500 |
| 001 |
vtls001511198 |
| 003 |
SK-MaSNL |
| 005 |
20260304144437.0 |
| 008 |
250505s2002 xo 000 0 slo |
| 035 |
|
|
|a SPKCL13525
|
| 035 |
|
|
|a urn:nbn:sk:snk-abumg
|
| 035 |
|
|
|a (urnnbn)urn:nbn:sk:snk:ar-a05374
|
| 035 |
|
|
|a (uuid)c5718bd9-a707-4a51-9eaa-cedb49e8b315
|
| 040 |
|
|
|a SNKBUCL
|b slo
|c SNKBUCL
|e AACR2
|
| 041 |
0 |
|
|a slo
|
| 044 |
|
|
|a xo
|c SK
|
| 080 |
|
|
|a 372.874
|2 1981
|
| 100 |
1 |
|
|a Lehoťáková, Eva
|4 aut
|9 338935
|
| 245 |
1 |
0 |
|a Výchova výtvarným umením
|c Eva Lehoťáková
|
| 650 |
0 |
7 |
|a výtvarná výchova
|2 snkbucl
|9 2777
|
| 650 |
0 |
7 |
|a výtvarné umenie
|2 snkbucl
|9 723
|
| 650 |
0 |
7 |
|a artefiletika
|2 snkbucl
|9 110091
|
| 773 |
0 |
|
|t Múzy v škole
|g Roč. 7, č. 2 (2002), s. 19
|
| 850 |
|
|
|a Slovenská národná knižnica
|
| 852 |
|
|
|a Slovenská národná knižnica
|
| 954 |
|
|
|a odborná, vedecká literatúra pôvodná (slovenská)
|2 lita
|
| 958 |
|
|
|a article27
|
| 958 |
|
|
|a OND
|
| 958 |
|
|
|a EUIPO
|
| 999 |
|
|
|c 2931349
|d 2933279
|